Heat and mass transfer (Record no. 5861)

000 -LEADER
fixed length control field 00529nam a2200205 4500
001 - CONTROL NUMBER
control field 5861
003 - CONTROL NUMBER IDENTIFIER
control field BD-DhUET
008 - FIXED-LENGTH DATA ELEMENTS--GENERAL INFORMATION
fixed length control field 700409m19679999is a b 000 0 eng
040 ## - CATALOGING SOURCE
Original cataloging agency DLC
Transcribing agency DLC
Modifying agency BD-DhUET
082 00 - DEWEY DECIMAL CLASSIFICATION NUMBER
Classification number 621.011
Item number ECK/1959
100 ## - MAIN ENTRY--PERSONAL NAME
Personal name Eckert, R. R. G.
245 00 - TITLE STATEMENT
Title Heat and mass transfer
250 ## - EDITION STATEMENT
Edition statement 2nd ed.
260 ## - PUBLICATION, DISTRIBUTION, ETC. (IMPRINT)
Place of publication, distribution, etc. New York
Name of publisher, distributor, etc. McGraw-Hill
Date of publication, distribution, etc. 1959
300 ## - PHYSICAL DESCRIPTION
Extent xiv, 530p.
490 1# - SERIES STATEMENT
Series statement McGraw-Hill series in mechanical engineering
650 #0 - SUBJECT ADDED ENTRY--TOPICAL TERM
Topical term or geographic name as entry element Heat-Transmission
700 ## - ADDED ENTRY--PERSONAL NAME
Personal name Drake, Robert M.
942 ## - ADDED ENTRY ELEMENTS (KOHA)
Koha item type General Book
Holdings
Shelving location Lost status Copy number Withdrawn status Price effective from Koha item type Not for loan Date acquired Source of classification or shelving scheme Damaged status Koha date last seen Koha full call number Koha date last borrowed Koha normalized classification for sorting Sublocation or collection (holding branch) Location (home branch) Piece designation (barcode) Koha issues (times borrowed)
Circulation section   2014-11-29General Book 2014-11-29  2014-11-29621.011/ECK/1959 621_011000000000000_ECK_1959Central Library, BUETCentral Library, BUET36668 
Circulation section 2 2014-12-03General Book 2014-12-03  2014-12-03621.011/ECK/1959 621_000000000000000_011ECK1959Central Library, BUETCentral Library, BUET14884 
Circulation section 3 2015-04-12General Book 2015-04-12  2015-04-12621.011/ECK/1959 621_011000000000000_ECK_1959Central Library, BUETCentral Library, BUET11302 
Circulation section 4 2015-04-12General Book 2015-04-12  2015-04-12621.011/ECK/1959 621_011000000000000_ECK_1959Central Library, BUETCentral Library, BUET31276 
Circulation section 5 2015-04-12General Book 2015-04-12  2015-04-12621.011/ECK/1959 621_011000000000000_ECK_1959Central Library, BUETCentral Library, BUET31274 
Circulation section 6 2015-04-12General Book 2015-04-12  2015-04-12621.011/ECK/1959 621_011000000000000_ECK_1959Central Library, BUETCentral Library, BUET31271 
Circulation section 7 2015-04-12General Book 2015-04-12  2015-04-12621.011/ECK/1959 621_011000000000000_ECK_1959Central Library, BUETCentral Library, BUET31272 
Circulation section 8 2015-04-13General Book 2015-04-13  2021-11-28621.011/ECK/19592020-03-02621_011000000000000_ECK_1959Central Library, BUETCentral Library, BUET312771
Circulation section 9 2015-04-13General Book 2015-04-13  2015-04-13621.011/ECK/1959 621_011000000000000_ECK_1959Central Library, BUETCentral Library, BUET11301 
Circulation section 10 2015-04-13General Book 2015-04-13  2015-04-13621.011/ECK/1959 621_011000000000000_ECK_1959Central Library, BUETCentral Library, BUET11303 
Circulation section 11 2015-04-13General Book 2015-04-13  2015-04-13621.011/ECK/1959 621_011000000000000_ECK_1959Central Library, BUETCentral Library, BUET24625 
Circulation section 12 2015-04-13General Book 2015-04-13  2015-04-13621.011/ECK/1959 621_011000000000000_ECK_1959Central Library, BUETCentral Library, BUET7652 
Circulation section 13 2015-04-13General Book 2015-04-13  2015-04-13621.011/ECK/1959 621_011000000000000_ECK_1959Central Library, BUETCentral Library, BUET24320 
Circulation section 14 2015-04-13General Book 2015-04-13  2015-04-13621.011/ECK/1959 621_011000000000000_ECK_1959Central Library, BUETCentral Library, BUET24976 
Circulation section 15 2015-04-13General Book 2015-04-13  2015-04-13621.011/ECK/1959 621_011000000000000_ECK_1959Central Library, BUETCentral Library, BUET31275 
Reading section 16 2015-06-16General Book 2015-06-16  2015-06-16621.011/ECK/1959 621_011000000000000_ECK_1959Central Library, BUETCentral Library, BUET7655